00721nam a22001817a 450000500170000001000150001702000270003203500140005903700140007308200110008724501020009826000300020027000910023030000200032194200250034199900190036695201540038520251007151421.0 aENG-146957 a9788119664023c1000.00 aEN-130489 bDBADaDPL a280.21 aChanting The Responsorial Psalms:bPsalmi Responsorii in Cantu/cComposed By Michael Perianayagam aBengalurubATC Publishers a9/12-1, 1st Floor, Lloyd's Road Cooke TownbBengalurue560005madmin@atcpublishers.com a231p.c28cm(hb) 2ddccENmCHAh280.21 c213603d213603 001040718REFaLbLd2025-10-07eDelivery of Books Act Divisiong1000.00l0oCHA 280.21pEN-130489r2025-10-07 00:00:00t1v1000.00w2025-10-07yEN